Statistics for OHL Hockey Teams Quiz

Click here to take the quiz!

General Stats

  • This quiz has been taken 182 times
  • The average score is 15 of 20

Answers on the Map

Answers color-coded by a green-red scale on the quiz's map according to % correct below.
Loading ...
 

Answer Stats

Answer% Correct
London Knights
90%
Erie Otters
81%
Sault Ste. Marie Greyhounds
79%
Hamilton Bulldogs
79%
Oshawa Generals
79%
Windsor Spitfires
78%
Ottawa 67's
77%
Sarnia Sting
75%
Kingston Frontenacs
73%
Barrie Colts
73%
Flint Firebirds
73%
Mississauga Steelheads
72%
Niagara IceDogs
72%
Kitchener Rangers
71%
North Bay Battalion
70%
Sudbury Wolves
70%
Peterborough Petes
66%
Guelph Storm
61%
Saginaw Spirit
59%
Owen Sound Attack
56%

Score Distribution

Percentile by Number Answered

Percent of People with Each Score

Your Score History

You have not taken this quiz